Historical commentary on the Pastoral Epistles / (Record no. 4335)

MARC details
000 -LEADER
fixed length control field 01048pam a2200265 a 4500
001 - CONTROL NUMBER
control field 4469796
003 - CONTROL NUMBER IDENTIFIER
control field GBCCL
005 - DATE AND TIME OF LATEST TRANSACTION
control field 20241126110516.0
008 - FIXED-LENGTH DATA ELEMENTS--GENERAL INFORMATION
fixed length control field 960214r19961909miu b 000 0 eng
010 ## -
-- 96010313
020 ## - INTERNATIONAL STANDARD BOOK NUMBER
International Standard Book Number 0825436362
040 ## - CATALOGING SOURCE
Original cataloging agency DLC
Transcribing agency DLC
Modifying agency DLC
050 00 -
-- BS2735.2
-- .R35 1996
082 00 - DEWEY DECIMAL CLASSIFICATION NUMBER
Classification number 227.8307
Edition information 20
Item number RAM
100 1# - MAIN ENTRY--PERSONAL NAME
Personal name Ramsay, William Mitchell,
Titles and words associated with a name Sir,
Dates associated with a name 1851-1939.
9 (RLIN) 8171
245 10 - TITLE STATEMENT
Title Historical commentary on the Pastoral Epistles /
Statement of responsibility, etc. William M. Ramsay.
260 ## - PUBLICATION, DISTRIBUTION, ETC.
Place of publication, distribution, etc. Grand Rapids, MI :
Name of publisher, distributor, etc. Kregel Publications,
Date of publication, distribution, etc. c1996.
300 ## - PHYSICAL DESCRIPTION
Extent 160 p. ;
Dimensions 22 cm.
500 ## - GENERAL NOTE
General note Previously "published in The expositor, seventh series, 7 and 8 (1909); 9 (1910); eighth series, 1 (1911)"--Introd.
504 ## - BIBLIOGRAPHY, ETC. NOTE
Bibliography, etc. note Includes bibliographical references (p. 152-160).
630 00 - SUBJECT ADDED ENTRY--UNIFORM TITLE
Uniform title Bible.
Name of part/section of a work Pastoral Epistles
General subdivision Criticism, interpretation, etc.
9 (RLIN) 8172
906 ## - LOCAL DATA ELEMENT F, LDF (RLIN)
a 7
b cbc
c orignew
d 1
e ocip
f 19
g y-gencatlg
942 ## - ADDED ENTRY ELEMENTS (KOHA)
Source of classification or shelving scheme Dewey Decimal Classification
Koha item type Books
Koha issues (borrowed), all copies 4
Holdings
Withdrawn status Lost status Source of classification or shelving scheme Damaged status Not for loan Home library Current Library Shelving location Date acquired Total checkouts Full call number Barcode Date last seen Date last checked out Copy number Price effective from Koha item type
    Dewey Decimal Classification     GRACE BIBLE COLLEGE GRACE BIBLE COLLEGE Biblical Studies 2018-01-18 6 227.8307 RAM 006855 2025-09-08 2025-09-04 c.1 2018-01-18 Books
© Grace Bible College Library 2025